00957nam a2200289Ia 450000500170000000800410001702000180005804100080007610000330008424500820011725000180019930000250021749000350024250000420027753400220031965000350034165000390037665000350041565000320045070000180048226400320050033600270053233700330055933800280059204000350062008400120065520220317001848.0170410s9999 xx 000 0 und d a9788498383683 aspa1 aMárai, Sándord1900-198913aLa mujer justacSándor Márai ; traducción del húngaro de Agnes Csomos a6a. edición a415 páginasc20 cm aLetras de bolsillo : narrativa aIncluye datos biográficos del autor tAz Igazi y Judith142LEMBaNovela hungaraySiglo XX142LEMBaLiteratura hungaraySiglo XX142LEMBaAmistad en la literatura142LEMBaAmor en la literatura1 aCsomos, Agnes aBarcelonabSalamandrac2014 atextobtxt2rdacontent asin mediaciónbn2rdamedia avolumenbnc2rdacarrier aCO-BoRNBPbspaerdacCO-BoRNBP aN MAR19